| 000 | 00670nam a22001337a 4500 | ||
|---|---|---|---|
| 040 | _cRUA | ||
| 082 | _aAGR PHA 2011 B1.222 Or.1 | ||
| 100 | _aPHAN SOPHEAP,ផាន់ សុភាព | ||
| 245 | _acamparison of different substrat ingredient for straw mushroom,ការបៀបធៀបសមាសភាពផ្សំសម្រាប់ធ្វើចាហួយនិងសមាសផ្សេងៗគ្នាលើការបណ្ណុះផ្សិតចមបើង | ||
| 260 |
_aphnom penh _brua _c2011 |
||
| 300 |
_aix;35p; _bill; _c29cm; |
||
| 856 | _uhttps://drive.google.com/file/d/1IozVJEdxFgs5JFHe-gxwniT6cxp4e4Qv/view?usp=sharing | ||
| 942 | _cAGR | ||
| 999 |
_c17822 _d17822 |
||